Logique de la foi: esquisses dialogues avec la pensé protestante approches philosophiques

Guardado en:
Detalles Bibliográficos
Autor principal: Bouillard, Henri
Formato: Libro
Lenguaje:francés
Publicado: París, Francia Aubier 1964
Colección:Thèologie. 60
Materias:
Etiquetas: Agregar Etiqueta
Sin Etiquetas, Sea el primero en etiquetar este registro!

MARC

LEADER 00000cam a2200000 a 4500
001 UCE7623
003 CL-VaPUC
005 20220115074100.0
008 150626e19640000fr |||||||||||||||||fre|d
999 |c 359678  |d 359676 
040 |c Pontificia Universidad Católica de Valparaíso 
082 0 4 |a 234.23 BOU 1964  |2 21 
100 0 |a Bouillard, Henri  |9 487095 
245 1 0 |a Logique de la foi: esquisses dialogues avec la pensé protestante approches philosophiques 
260 0 3 |a París, Francia  |b Aubier  |c 1964 
300 |a 192 páginas 
490 0 |a Thèologie.  |v 60 
583 |a last modification  |c 20150626 15:30:00  |k Rodrigo Vera 
650 0 |a Protestantismo  |9 317293 
650 0 |a Catolicismo  |9 258690 
942 |c BK  |2 ddc 
945 |d 20150626 15:30:00  |a gsalatino 
952 |0 0  |1 0  |2 ddc  |3 erb  |4 0  |6 234_230000000000000_BOU_1964  |7 0  |8 A  |9 469073  |a BIBTEO  |b BIBTEO  |e Casale Rolle, Carlos Ignacio, -2014  |i 5182158  |o 234.23 BOU 1964  |p 5182158  |r 2025-01-17  |t 1  |w 2019-11-23  |y BK  |z Catalogado en:20150626  |k ICR